[Event "St Jean op"]
[Site "St Jean sur Richelieu CAN"]
[Date "2004.06.27"]
[Round "4"]
[White "Bisson, Real"]
[Black "Lanzilotta Mernies, Marcelo"]
[Result "1/2-1/2"]
[WhiteElo "1689"]
[BlackElo "1845"]
[PlyCount "75"]
[GameId "2160767911145639"]
[EventDate "2004.06.??"]
[EventType "swiss"]
[EventRounds "5"]
[EventCountry "CAN"]
[SourceTitle "EXT 2006"]
[Source "ChessBase"]
[SourceDate "2005.11.24"]
[SourceVersion "1"]
[SourceVersionDate "2005.11.24"]
[SourceQuality "1"]

1. e4 c5 2. Nf3 d6 3. d4 cxd4 4. Nxd4 Nf6 5. Nc3 g6 6. f4 Bg7 7. e5 dxe5 8. fxe5 Nd5 9. Bb5+ Kf8 10. Nf3 e6 11. Nxd5 Qxd5 12. Qxd5 exd5 13. Bf4 Nc6 14. O-O-O Be6 15. Rhe1 h6 16. h3 Ke7 17. Be3 Rhc8 18. Bc5+ Ke8 19. Nd4 Bf8 20. Bxc6+ bxc6 21. Nxe6 fxe6 22. Bxf8 Kxf8 23. Rf1+ Ke7 24. Rf6 Rg8 25. c4 Rab8 26. cxd5 cxd5 27. b3 Rb4 28. Rdf1 Rg7 29. R1f4 Rxf4 30. Rxf4 g5 31. Ra4 Kd8 32. Ra6 Rc7+ 33. Kd2 Ke7 34. g4 Rb7 35. Kc3 Rc7+ 36. Kd2 Rb7 37. Kd3 Rc7 38. Kd2 1/2-1/2

[Event "St Jean op"]
[Site "St Jean sur Richelieu CAN"]
[Date "2004.06.27"]
[Round "4"]
[White "Caire, Francois"]
[Black "Moskvitch, Andrei"]
[Result "0-1"]
[WhiteElo "2097"]
[BlackElo "2138"]
[PlyCount "142"]
[GameId "2160767911145640"]
[EventDate "2004.06.??"]
[EventType "swiss"]
[EventRounds "5"]
[EventCountry "CAN"]
[SourceTitle "EXT 2006"]
[Source "ChessBase"]
[SourceDate "2005.11.24"]
[SourceVersion "1"]
[SourceVersionDate "2005.11.24"]
[SourceQuality "1"]

1. d4 d5 2. c4 e6 3. Nf3 c5 4. cxd5 exd5 5. g3 Nc6 6. Bg2 Nf6 7. O-O Be7 8. dxc5 Bxc5 9. Qc2 Be7 10. Rd1 Nb4 11. Qb3 a5 12. Nc3 Bd7 13. a4 O-O 14. Nd4 Bg4 15. Bg5 Qb6 16. Rd2 Rad8 17. e3 Be6 18. Rad1 h6 19. Bxf6 Bxf6 20. Na2 Rc8 21. Nxb4 Qxb4 22. Qxb4 axb4 23. Bf1 Rc5 24. Kg2 Rfc8 25. Bd3 Bxd4 26. exd4 R5c7 27. Bb5 Rc2 28. f3 Kf8 29. Kf2 Ke7 30. Ke2 Kd6 31. h4 Bd7 32. Bxd7 Kxd7 33. Rxc2 Rxc2+ 34. Rd2 Rc1 35. Rd1 Rc2+ 36. Rd2 Rc4 37. b3 Rc6 38. Rd3 Rg6 39. Kf2 Re6 40. Rd2 Rc6 41. Ke2 h5 42. Rd3 b6 43. Re3 Rc2+ 44. Kd1 Rg2 45. f4 f6 46. Kc1 g6 47. Kd1 Ra2 48. Kc1 b5 49. axb5 Ra5 50. Re2 Rxb5 51. Ra2 Rb6 52. Re2 Rc6+ 53. Kd2 Ra6 54. Re3 Ra2+ 55. Kd1 Rg2 56. Kc1 Rf2 57. Kd1 Rf1+ 58. Kd2 Rg1 59. Kc2 Ra1 60. Kd2 Ra6 61. Ke2 Rc6 62. Kd2 Rc8 63. Ke2 Kd6 64. Kd2 Rg8 65. Rf3 Ke6 66. Ke2 Kf5 67. Kf2 Re8 68. Re3 Rxe3 69. Kxe3 Kg4 70. Kf2 Kh3 71. Kf3 f5 0-1

[Event "St Jean op"]
[Site "St Jean sur Richelieu CAN"]
[Date "2004.06.27"]
[Round "4"]
[White "Champetier, Serge"]
[Black "Caron, Sebastien"]
[Result "1/2-1/2"]
[WhiteElo "1985"]
[BlackElo "1902"]
[PlyCount "43"]
[GameId "2160767911145641"]
[EventDate "2004.06.??"]
[EventType "swiss"]
[EventRounds "5"]
[EventCountry "CAN"]
[SourceTitle "EXT 2006"]
[Source "ChessBase"]
[SourceDate "2005.11.24"]
[SourceVersion "1"]
[SourceVersionDate "2005.11.24"]
[SourceQuality "1"]

1. d4 Nf6 2. Bg5 Ne4 3. Bf4 g5 4. Bc1 h6 5. f3 Nf6 6. e4 d6 7. Nc3 Nc6 8. Be3 e5 9. d5 Ne7 10. Qd2 Nd7 11. O-O-O f5 12. h4 f4 13. Bf2 Bg7 14. hxg5 hxg5 15. Rxh8+ Bxh8 16. Bc4 Nf6 17. Nb5 a6 18. Nc3 Ng6 19. Bb3 Qe7 20. a4 Bd7 21. Kb1 g4 22. g3 1/2-1/2

[Event "St Jean op"]
[Site "St Jean sur Richelieu CAN"]
[Date "2004.06.27"]
[Round "4"]
[White "Duchesneau, Alain"]
[Black "Fortin, Bertrand"]
[Result "1-0"]
[WhiteElo "1568"]
[BlackElo "1550"]
[PlyCount "47"]
[GameId "2160767911145642"]
[EventDate "2004.06.??"]
[EventType "swiss"]
[EventRounds "5"]
[EventCountry "CAN"]
[SourceTitle "EXT 2006"]
[Source "ChessBase"]
[SourceDate "2005.11.24"]
[SourceVersion "1"]
[SourceVersionDate "2005.11.24"]
[SourceQuality "1"]

1. e4 g6 2. f4 d6 3. Nf3 Bg7 4. d4 Bg4 5. c3 Nd7 6. Be3 Ngf6 7. Nbd2 e6 8. Bd3 O-O 9. O-O c5 10. Kh1 cxd4 11. cxd4 Bh6 12. Qe1 Bg7 13. Qh4 Bxf3 14. Rxf3 e5 15. fxe5 dxe5 16. Bg5 Qa5 17. Nc4 Qb4 18. Raf1 exd4 19. e5 Nd5 20. Rh3 h5 21. g4 Bxe5 22. gxh5 Kg7 23. hxg6 Rh8 24. Bh6+ 1-0

[Event "St Jean op"]
[Site "St Jean sur Richelieu CAN"]
[Date "2004.06.27"]
[Round "4"]
[White "Duplessis, Jean-Roch"]
[Black "Moisan, Francois"]
[Result "1-0"]
[WhiteElo "1780"]
[BlackElo "1833"]
[PlyCount "126"]
[GameId "2160767911145643"]
[EventDate "2004.06.??"]
[EventType "swiss"]
[EventRounds "5"]
[EventCountry "CAN"]
[SourceTitle "EXT 2006"]
[Source "ChessBase"]
[SourceDate "2005.11.24"]
[SourceVersion "1"]
[SourceVersionDate "2005.11.24"]
[SourceQuality "1"]

1. e4 e5 2. Nf3 Nc6 3. Nc3 Nf6 4. Bb5 d6 5. h3 Bd7 6. O-O Nd4 7. Bxd7+ Qxd7 8. Nxd4 exd4 9. Ne2 Nxe4 10. d3 Nf6 11. Nxd4 O-O-O 12. a4 h6 13. Qf3 Be7 14. b4 c6 15. Bd2 Rde8 16. a5 c5 17. bxc5 dxc5 18. Nf5 Rhg8 19. Rfe1 Nd5 20. Re5 Nc7 21. Rb1 Ne6 22. a6 Nd8 23. Rd5 Qc6 24. Rxd8+ Kxd8 25. axb7 Kd7 26. Qxc6+ Kxc6 27. Nxe7+ Rxe7 28. b8=Q Rxb8 29. Rxb8 Re2 30. Be3 Rxc2 31. Rf8 a5 32. Rxf7 Rc3 33. Rxg7 Rxd3 34. Rg6+ Kb5 35. Kf1 a4 36. Ke2 a3 37. Bxh6 Rd7 38. Bg7 Rxg7 39. Rxg7 Kc4 40. Ra7 Kb3 41. Rxa3+ Kxa3 42. f4 c4 43. f5 c3 44. f6 c2 45. f7 c1=Q 46. f8=Q+ Kb3 47. Qf3+ Kb4 48. Qb7+ Ka5 49. Qd5+ Kb6 50. Qd6+ Kb7 51. Kf2 Qc2+ 52. Kg3 Qc3+ 53. Kh2 Qe1 54. Qd7+ Kb8 55. Qd8+ Kb7 56. Qd5+ Kc8 57. Qd4 Qc1 58. h4 Qc7+ 59. Kh3 Qc1 60. h5 Qh1+ 61. Kg3 Qe1+ 62. Kh2 Qe7 63. h6 Qg5 1-0

[Event "St Jean op"]
[Site "St Jean sur Richelieu CAN"]
[Date "2004.06.27"]
[Round "4"]
[White "Gaudreau, Eric"]
[Black "Deschambault, Alexandre"]
[Result "1/2-1/2"]
[WhiteElo "1644"]
[BlackElo "1682"]
[PlyCount "107"]
[GameId "2160767911145644"]
[EventDate "2004.06.??"]
[EventType "swiss"]
[EventRounds "5"]
[EventCountry "CAN"]
[SourceTitle "EXT 2006"]
[Source "ChessBase"]
[SourceDate "2005.11.24"]
[SourceVersion "1"]
[SourceVersionDate "2005.11.24"]
[SourceQuality "1"]

1. c4 e6 2. Nf3 d5 3. g3 c6 4. Bg2 Bd6 5. b3 Nf6 6. Bb2 Nbd7 7. O-O O-O 8. d3 Re8 9. Nbd2 e5 10. Qc2 h6 11. e3 Nf8 12. Rac1 Ng6 13. Rfd1 Be6 14. Qb1 Qd7 15. Qa1 Bg4 16. e4 d4 17. c5 Bc7 18. a4 Nh7 19. Re1 Ba5 20. Rc2 Re7 21. Rec1 Rf8 22. Nc4 Bc7 23. Nd6 Bxf3 24. Bxf3 Bxd6 25. cxd6 Ree8 26. h4 Nh8 27. a5 a6 28. Kh2 Rd8 29. Bg2 f6 30. Bh3 Qf7 31. Qa4 Rb8 32. d7 Rfd8 33. Ba3 Rxd7 34. Bxd7 Qxd7 35. Qc4+ Nf7 36. Qc5 Nf8 37. Qa7 Rc8 38. Bxf8 Kxf8 39. Qc5+ Ke8 40. Kg2 Qd6 41. Qxd6 Nxd6 42. Rc5 Ke7 43. f4 Nf7 44. b4 Ra8 45. Kf3 Ke6 46. Kg4 Rg8 47. f5+ Ke7 48. b5 axb5 49. a6 bxa6 50. Rxc6 Ra8 51. Ra1 a5 52. Rb6 Nd6 53. Kh5 Ra7 54. Kg6 1/2-1/2

[Event "St Jean op"]
[Site "St Jean sur Richelieu CAN"]
[Date "2004.06.27"]
[Round "4"]
[White "Gilbert, Erick"]
[Black "Rivest, Jean-Michel"]
[Result "0-1"]
[WhiteElo "1978"]
[BlackElo "1812"]
[PlyCount "78"]
[GameId "2160767911145645"]
[EventDate "2004.06.??"]
[EventType "swiss"]
[EventRounds "5"]
[EventCountry "CAN"]
[SourceTitle "EXT 2006"]
[Source "ChessBase"]
[SourceDate "2005.11.24"]
[SourceVersion "1"]
[SourceVersionDate "2005.11.24"]
[SourceQuality "1"]

1. Nf3 Nf6 2. b3 d5 3. Bb2 c5 4. e3 Nc6 5. d4 cxd4 6. Nxd4 Bg4 7. f3 Bh5 8. Bb5 Qb6 9. Qd2 e5 10. Nxc6 bxc6 11. Ba4 Bc5 12. Bxe5 Bxe3 13. Qc3 Rc8 14. Nd2 Bf2+ 15. Kf1 O-O 16. b4 Rfe8 17. Nb3 Re6 18. Bd4 Bxd4 19. Nxd4 Qa6+ 20. Kf2 Qxa4 21. Nxe6 fxe6 22. Rhe1 Re8 23. Qb3 Qb5 24. Re5 Qb6+ 25. Kf1 Ne4 26. fxe4 Rf8+ 27. Rf5 exf5 28. exd5 cxd5 29. Qxd5+ Bf7 30. Qc5 Qxc5 31. bxc5 Rc8 32. Rd1 Bxa2 33. Kf2 Be6 34. Rd6 Kf7 35. Ra6 Rxc5 36. Rxa7+ Kf6 37. h3 Rxc2+ 38. Kg3 Bd5 39. Ra6+ Ke5 0-1

[Event "St Jean op"]
[Site "St Jean sur Richelieu CAN"]
[Date "2004.06.27"]
[Round "4"]
[White "Godbout, Mathieu"]
[Black "Fortier, Marc-Andre"]
[Result "1/2-1/2"]
[WhiteElo "1808"]
[BlackElo "2161"]
[PlyCount "52"]
[GameId "2160767911145646"]
[EventDate "2004.06.??"]
[EventType "swiss"]
[EventRounds "5"]
[EventCountry "CAN"]
[SourceTitle "EXT 2006"]
[Source "ChessBase"]
[SourceDate "2005.11.24"]
[SourceVersion "1"]
[SourceVersionDate "2005.11.24"]
[SourceQuality "1"]

1. c4 g6 2. Nc3 Bg7 3. e4 d6 4. d4 Nd7 5. Be3 e5 6. Nge2 Ne7 7. g3 O-O 8. Bg2 exd4 9. Nxd4 Ne5 10. b3 c6 11. h3 f5 12. f4 Nf7 13. Rc1 Re8 14. O-O fxe4 15. Nxe4 d5 16. cxd5 Nxd5 17. Bf2 Bxh3 18. Bxh3 Rxe4 19. Ne6 Qe8 20. Re1 Rxe1+ 21. Qxe1 Nd8 22. Nxg7 Qxe1+ 23. Rxe1 Kxg7 24. Re8 Kf7 25. Rh8 Kg7 26. Re8 Kf7 1/2-1/2

[Event "St Jean op"]
[Site "St Jean sur Richelieu CAN"]
[Date "2004.06.27"]
[Round "4"]
[White "Larochelle, Martial"]
[Black "Masse, Hugues"]
[Result "1/2-1/2"]
[WhiteElo "2159"]
[BlackElo "2249"]
[PlyCount "79"]
[GameId "2160767911145647"]
[EventDate "2004.06.??"]
[EventType "swiss"]
[EventRounds "5"]
[EventCountry "CAN"]
[SourceTitle "EXT 2006"]
[Source "ChessBase"]
[SourceDate "2005.11.24"]
[SourceVersion "1"]
[SourceVersionDate "2005.11.24"]
[SourceQuality "1"]

1. d4 Nf6 2. c4 g6 3. Nc3 d5 4. Nf3 Bg7 5. Bg5 dxc4 6. e4 c5 7. d5 O-O 8. Bxc4 b5 9. Bxf6 Bxf6 10. Bxb5 Qa5 11. e5 Bg7 12. O-O Ba6 13. Qe2 Bxb5 14. Qxb5 Qxb5 15. Nxb5 Nd7 16. Rfe1 a6 17. Nc3 Rab8 18. b3 c4 19. bxc4 Rfc8 20. Re4 Nc5 21. Re3 Nd7 22. Re4 Nc5 23. Rd4 Nd7 24. Re1 Rb4 25. g3 Rbxc4 26. Rxc4 Rxc4 27. Re3 Bh6 28. Nd2 Rxc3 29. Rxc3 Bxd2 30. Rc7 Nxe5 31. Rxe7 Nf3+ 32. Kg2 Nd4 33. Ra7 a5 34. d6 Ne6 35. Ra8+ Kg7 36. d7 Bg5 37. Rxa5 Bd8 38. Rd5 Kf6 39. a4 Ke7 40. f4 1/2-1/2

[Event "St Jean op"]
[Site "St Jean sur Richelieu CAN"]
[Date "2004.06.27"]
[Round "4"]
[White "Leclair, Hugues"]
[Black "Valley, Michel"]
[Result "1/2-1/2"]
[WhiteElo "1852"]
[BlackElo "1874"]
[PlyCount "79"]
[GameId "2160767911145648"]
[EventDate "2004.06.??"]
[EventType "swiss"]
[EventRounds "5"]
[EventCountry "CAN"]
[SourceTitle "EXT 2006"]
[Source "ChessBase"]
[SourceDate "2005.11.24"]
[SourceVersion "1"]
[SourceVersionDate "2005.11.24"]
[SourceQuality "1"]

1. d4 Nf6 2. c4 g6 3. Nc3 Bg7 4. e4 d6 5. Nf3 O-O 6. Be2 e5 7. d5 Ne8 8. Bg5 f6 9. Bh4 c6 10. dxc6 bxc6 11. c5 Be6 12. cxd6 g5 13. Bg3 Nxd6 14. Qc2 Qa5 15. O-O Na6 16. a3 Nb5 17. b4 Qb6 18. Na4 Qb7 19. Bc4 Bf7 20. Bxf7+ Rxf7 21. Nc5 Nxc5 22. Qxc5 Rd7 23. Rfc1 Rc8 24. h3 Nd4 25. Nxd4 Rxd4 26. f3 Bf8 27. Qc2 Rcd8 28. Bf2 Rd2 29. Qb3+ Kg7 30. Rd1 c5 31. Rxd2 Rxd2 32. Qc3 Qd7 33. Bxc5 Bxc5+ 34. Qxc5 Qd4+ 35. Qxd4 exd4 36. a4 d3 37. Ra3 Kf7 38. Kf1 Ke6 39. Ke1 Rxg2 40. Rxd3 1/2-1/2

[Event "St Jean op"]
[Site "St Jean sur Richelieu CAN"]
[Date "2004.06.27"]
[Round "4"]
[White "Lessard, Claude"]
[Black "Rousseau, Daniel"]
[Result "1-0"]
[WhiteElo "2079"]
[BlackElo "2198"]
[PlyCount "147"]
[GameId "2160767911145649"]
[EventDate "2004.06.??"]
[EventType "swiss"]
[EventRounds "5"]
[EventCountry "CAN"]
[SourceTitle "EXT 2006"]
[Source "ChessBase"]
[SourceDate "2005.11.24"]
[SourceVersion "1"]
[SourceVersionDate "2005.11.24"]
[SourceQuality "1"]

1. d4 Nf6 2. Nf3 g6 3. g3 Bg7 4. Bg2 O-O 5. O-O d6 6. c4 Nc6 7. d5 Na5 8. Nbd2 c5 9. a3 b5 10. cxb5 Nxd5 11. Rb1 Rb8 12. a4 Nb4 13. b3 Na2 14. Bb2 Nc3 15. Bxc3 Bxc3 16. Qc2 Bg7 17. Rfc1 a6 18. bxa6 Bxa6 19. e3 Rb4 20. h4 Qb6 21. h5 Rb8 22. hxg6 hxg6 23. Ng5 Bb7 24. Bf1 Qc6 25. f3 Bh6 26. Nde4 f5 27. Qh2 Qxe4 28. Nxe4 Bxe3+ 29. Nf2 Kg7 30. Re1 Bg5 31. Nh3 Bf6 32. Qe2 Nc6 33. Red1 Nd4 34. Rxd4 Bxd4+ 35. Kg2 e5 36. Qd2 e4 37. Be2 exf3+ 38. Bxf3 Bxf3+ 39. Kxf3 Rxb3+ 40. Rxb3 Rxb3+ 41. Ke2 Rxg3 42. Nf4 Kf6 43. Qa5 Re3+ 44. Kd1 Kg5 45. Ne2 Be5 46. Qa8 f4 47. Kd2 Ra3 48. Nc1 Kg4 49. Qc8+ Kh4 50. a5 g5 51. a6 g4 52. Qd8+ Kg3 53. Ne2+ Kf3 54. Qa8+ Kf2 55. Nc1 c4 56. Qe4 Rxa6 57. Qxc4 Ra3 58. Qe2+ Kg3 59. Qe1+ Kh3 60. Qh1+ Kg3 61. Ne2+ Kf2 62. Qg1+ Kf3 63. Qf1+ Ke4 64. Qb1+ Kd5 65. Qh1+ f3 66. Nc1 g3 67. Qh7 g2 68. Qg8+ Ke4 69. Qg6+ Kd4 70. Qg4+ Kd5 71. Qg8+ Kc6 72. Nd3 Bd4 73. Qc8+ Kb5 74. Qb7+ 1-0

[Event "St Jean op"]
[Site "St Jean sur Richelieu CAN"]
[Date "2004.06.27"]
[Round "4"]
[White "Pepin, Christian"]
[Black "Liard, Serge"]
[Result "1-0"]
[WhiteElo "2175"]
[BlackElo "2125"]
[PlyCount "99"]
[GameId "2160767911145650"]
[EventDate "2004.06.??"]
[EventType "swiss"]
[EventRounds "5"]
[EventCountry "CAN"]
[SourceTitle "EXT 2006"]
[Source "ChessBase"]
[SourceDate "2005.11.24"]
[SourceVersion "1"]
[SourceVersionDate "2005.11.24"]
[SourceQuality "1"]

1. e4 e6 2. d4 d5 3. exd5 exd5 4. Bd3 Nf6 5. Bg5 Be7 6. Ne2 Bg4 7. Nd2 O-O 8. f3 Bh5 9. Nf4 Bg6 10. Nxg6 hxg6 11. O-O Nh5 12. Be3 Re8 13. f4 Bd6 14. Qf3 Nf6 15. Rae1 Nc6 16. c3 Ne7 17. Bf2 Qd7 18. h3 c6 19. Bh4 Kf8 20. f5 Nxf5 21. Bxf5 Qxf5 22. Qxf5 gxf5 23. Bxf6 gxf6 24. Rxe8+ Rxe8 25. Rd1 Bf4 26. Kf2 Bxd2 27. Rxd2 Kg7 28. Rd3 f4 29. Rd2 Re4 30. Re2 Kg6 31. Rc2 Kf5 32. Re2 b6 33. Rd2 Re3 34. Re2 Ke4 35. Rxe3+ fxe3+ 36. Ke2 c5 37. h4 Kf4 38. h5 Kg5 39. Kxe3 Kxh5 40. dxc5 bxc5 41. b4 cxb4 42. cxb4 Kg4 43. Kd4 Kg3 44. Kxd5 Kxg2 45. Ke4 Kf2 46. a4 f5+ 47. Kf4 Ke2 48. b5 Kd3 49. a5 Kc4 50. b6 1-0

[Event "St Jean op"]
[Site "St Jean sur Richelieu CAN"]
[Date "2004.06.27"]
[Round "4"]
[White "Saint Pierre, Steve"]
[Black "Samson, Gaetan"]
[Result "1/2-1/2"]
[WhiteElo "1817"]
[BlackElo "1824"]
[PlyCount "67"]
[GameId "2160767911145651"]
[EventDate "2004.06.??"]
[EventType "swiss"]
[EventRounds "5"]
[EventCountry "CAN"]
[SourceTitle "EXT 2006"]
[Source "ChessBase"]
[SourceDate "2005.11.24"]
[SourceVersion "1"]
[SourceVersionDate "2005.11.24"]
[SourceQuality "1"]

1. e3 g6 2. f4 Bg7 3. Nf3 Nc6 4. d4 d6 5. Bb5 a6 6. Ba4 Bd7 7. c4 Nh6 8. Nc3 O-O 9. O-O Rc8 10. e4 Nb8 11. e5 Bxa4 12. Qxa4 Nd7 13. Qd1 c5 14. d5 Nf5 15. Re1 Qc7 16. e6 fxe6 17. Ng5 Nd4 18. Nxe6 Nxe6 19. Rxe6 Bd4+ 20. Be3 Rxf4 21. Rxe7 Bxe3+ 22. Rxe3 Ne5 23. Rxe5 dxe5 24. d6 Qf7 25. Nd5 Rd8 26. Nxf4 exf4 27. Qd3 Qe6 28. Rd1 Qe5 29. Qd5+ Qxd5 30. Rxd5 b6 31. Kf2 h6 32. h4 Kf7 33. Kf3 Ke6 34. Kxf4 1/2-1/2

[Event "St Jean op"]
[Site "St Jean sur Richelieu CAN"]
[Date "2004.06.27"]
[Round "4"]
[White "Sauve, Richard"]
[Black "Carrier, Claude"]
[Result "1-0"]
[WhiteElo "2029"]
[BlackElo "1917"]
[PlyCount "57"]
[GameId "2160767911145652"]
[EventDate "2004.06.??"]
[EventType "swiss"]
[EventRounds "5"]
[EventCountry "CAN"]
[SourceTitle "EXT 2006"]
[Source "ChessBase"]
[SourceDate "2005.11.24"]
[SourceVersion "1"]
[SourceVersionDate "2005.11.24"]
[SourceQuality "1"]

1. d4 Nf6 2. c4 g6 3. Nc3 d5 4. cxd5 Nxd5 5. e4 Nxc3 6. bxc3 c5 7. Bd3 Bg7 8. Ne2 Nc6 9. Be3 cxd4 10. cxd4 Qa5+ 11. Qd2 Qxd2+ 12. Kxd2 O-O 13. Rac1 Rd8 14. Rc4 Bd7 15. Rhc1 e6 16. f3 Be8 17. Rb1 a6 18. Rb6 h6 19. Bf2 Bf8 20. Bg3 Na5 21. Rc7 Rac8 22. Rxc8 Rxc8 23. Be1 Nc4+ 24. Bxc4 Rxc4 25. Rxb7 Bb4+ 26. Kd3 Bb5 27. Bxb4 Rc7+ 28. Rxb5 axb5 29. a3 1-0

[Event "St Jean op"]
[Site "St Jean sur Richelieu CAN"]
[Date "2004.06.27"]
[Round "5"]
[White "Anastasovski, Nikola"]
[Black "Sauve, Richard"]
[Result "0-1"]
[WhiteElo "2117"]
[BlackElo "2029"]
[PlyCount "82"]
[GameId "2160767911145654"]
[EventDate "2004.06.??"]
[EventType "swiss"]
[EventRounds "5"]
[EventCountry "CAN"]
[SourceTitle "EXT 2006"]
[Source "ChessBase"]
[SourceDate "2005.11.24"]
[SourceVersion "1"]
[SourceVersionDate "2005.11.24"]
[SourceQuality "1"]

1. e4 e6 2. d4 d5 3. exd5 exd5 4. c4 Nf6 5. Nc3 Be7 6. Be3 O-O 7. h3 Be6 8. c5 b6 9. b4 bxc5 10. bxc5 Ne4 11. Qc2 Nxc3 12. Qxc3 c6 13. Bd3 Nd7 14. Ne2 Re8 15. Qc2 Nf8 16. O-O Qd7 17. f4 f6 18. f5 Bf7 19. Rf3 Bd8 20. Raf1 Bc7 21. Nf4 Rab8 22. g4 Rb7 23. Qg2 Reb8 24. Bc1 Rb4 25. g5 fxg5 26. Qxg5 Rxd4 27. Rg3 Be8 28. f6 Bxf4 29. Bxf4 Ne6 30. Qh4 Bg6 31. Bxg6 hxg6 32. Rxg6 Nxf4 33. Rxf4 Rb1+ 34. Kg2 Rb2+ 35. Kh1 Rxf4 36. Qxf4 Qxh3+ 37. Kg1 Rb1+ 38. Kf2 Rf1+ 39. Ke2 Rxf4 40. Rxg7+ Kf8 41. Rxa7 Qf3+ 0-1

[Event "St Jean op"]
[Site "St Jean sur Richelieu CAN"]
[Date "2004.06.27"]
[Round "5"]
[White "Arsenault, Daniel"]
[Black "Bisson, Real"]
[Result "0-1"]
[WhiteElo "1699"]
[BlackElo "1689"]
[PlyCount "66"]
[GameId "2160767911145655"]
[EventDate "2004.06.??"]
[EventType "swiss"]
[EventRounds "5"]
[EventCountry "CAN"]
[SourceTitle "EXT 2006"]
[Source "ChessBase"]
[SourceDate "2005.11.24"]
[SourceVersion "1"]
[SourceVersionDate "2005.11.24"]
[SourceQuality "1"]

1. c3 Nf6 2. d4 g6 3. Bg5 Bg7 4. Nd2 d5 5. e3 Nbd7 6. Ngf3 O-O 7. Bd3 c5 8. O-O c4 9. Bc2 Re8 10. e4 dxe4 11. Nxe4 Nxe4 12. Bxe4 h6 13. Bh4 Nb6 14. Nd2 f5 15. Bb1 g5 16. Bg3 f4 17. Qc2 Qd5 18. Qh7+ Kf8 19. h3 e5 20. Nf3 e4 21. Ne5 Na4 22. Bxe4 Qg8 23. Bh2 Qxh7 24. Bxh7 Bxe5 25. dxe5 Kg7 26. Bc2 Nxb2 27. Rfe1 Kf7 28. Rab1 Nd3 29. Red1 Nxe5 30. f3 b6 31. Kf1 Nd3 32. Bxd3 cxd3 33. Rxd3 Ba6 0-1

[Event "St Jean op"]
[Site "St Jean sur Richelieu CAN"]
[Date "2004.06.27"]
[Round "5"]
[White "Beaudoin, Stephane"]
[Black "Champetier, Serge"]
[Result "1/2-1/2"]
[WhiteElo "2125"]
[BlackElo "1985"]
[PlyCount "81"]
[GameId "2160767911145656"]
[EventDate "2004.06.??"]
[EventType "swiss"]
[EventRounds "5"]
[EventCountry "CAN"]
[SourceTitle "EXT 2006"]
[Source "ChessBase"]
[SourceDate "2005.11.24"]
[SourceVersion "1"]
[SourceVersionDate "2005.11.24"]
[SourceQuality "1"]

1. e4 d6 2. d4 Nf6 3. Nc3 g6 4. Nf3 Bg7 5. h3 O-O 6. Be3 Nc6 7. d5 Nb8 8. Bc4 c6 9. Bb3 Bd7 10. a4 a5 11. O-O Na6 12. Qd2 Nc5 13. Bxc5 dxc5 14. Qe3 Rc8 15. dxc6 Bxc6 16. Rad1 Qb6 17. Nd2 e6 18. Nc4 Qc7 19. Nd6 Rcd8 20. Qxc5 Nd7 21. Qe3 Be5 22. Nc4 Bxc3 23. bxc3 b5 24. Nb2 Qb7 25. f3 bxa4 26. Nxa4 Bxa4 27. Bxa4 Ne5 28. Rxd8 Rxd8 29. Qc5 Qb8 30. f4 Nd7 31. Qxa5 Nf6 32. e5 Nd5 33. Rd1 Rc8 34. c4 Ne3 35. Rd7 Qb1+ 36. Kf2 Nxc4 37. Qa6 Qb6+ 38. Qxb6 Nxb6 39. Rd4 Nxa4 40. Rxa4 Rxc2+ 41. Kg3 1/2-1/2

[Event "St Jean op"]
[Site "St Jean sur Richelieu CAN"]
[Date "2004.06.27"]
[Round "5"]
[White "Carrier, Claude"]
[Black "Valley, Michel"]
[Result "1-0"]
[WhiteElo "1917"]
[BlackElo "1874"]
[PlyCount "75"]
[GameId "2160767911145657"]
[EventDate "2004.06.??"]
[EventType "swiss"]
[EventRounds "5"]
[EventCountry "CAN"]
[SourceTitle "EXT 2006"]
[Source "ChessBase"]
[SourceDate "2005.11.24"]
[SourceVersion "1"]
[SourceVersionDate "2005.11.24"]
[SourceQuality "1"]

1. e4 c5 2. Nf3 d6 3. d4 cxd4 4. Nxd4 Nf6 5. Nc3 g6 6. Be3 Bg7 7. Bc4 O-O 8. f3 Nc6 9. Qd2 Bd7 10. O-O-O Rc8 11. Bb3 Ne5 12. h4 h5 13. Bg5 Nc4 14. Bxc4 Rxc4 15. e5 dxe5 16. Nb3 Rc7 17. Nb5 Rc8 18. Nxa7 Ra8 19. Bxf6 Bxf6 20. Qxd7 Qxd7 21. Rxd7 Rxa7 22. a3 Rfa8 23. Nc5 b6 24. Rxa7 Rxa7 25. Ne4 Kg7 26. g4 hxg4 27. fxg4 e6 28. g5 Be7 29. Rf1 Rd7 30. Rd1 Rd4 31. Rxd4 exd4 32. Kd2 f5 33. gxf6+ Bxf6 34. Nxf6 Kxf6 35. a4 Ke5 36. b4 Kd5 37. a5 bxa5 38. bxa5 1-0

[Event "St Jean op"]
[Site "St Jean sur Richelieu CAN"]
[Date "2004.06.27"]
[Round "5"]
[White "Deschambault, Alexandre"]
[Black "Benoit, Sebastien"]
[Result "1-0"]
[WhiteElo "1682"]
[BlackElo "1690"]
[PlyCount "47"]
[GameId "2160767911145658"]
[EventDate "2004.06.??"]
[EventType "swiss"]
[EventRounds "5"]
[EventCountry "CAN"]
[SourceTitle "EXT 2006"]
[Source "ChessBase"]
[SourceDate "2005.11.24"]
[SourceVersion "1"]
[SourceVersionDate "2005.11.24"]
[SourceQuality "1"]

1. e4 c5 2. f4 d5 3. exd5 Nf6 4. Nc3 Nxd5 5. Nxd5 Qxd5 6. Qf3 Qd8 7. Bb5+ Nd7 8. b3 Qb6 9. Bc4 a6 10. Bb2 Nf6 11. h3 g6 12. g4 Bd7 13. Rh2 Bc6 14. Qe3 Bg7 15. O-O-O O-O 16. Re1 Qa5 17. Kb1 b5 18. Qxc5 Ne4 19. Bxf7+ Kxf7 20. Qxc6 Nxd2+ 21. Rxd2 Bxb2 22. Qd5+ Kg7 23. Rxe7+ Kh8 24. Kxb2 1-0

[Event "St Jean op"]
[Site "St Jean sur Richelieu CAN"]
[Date "2004.06.27"]
[Round "5"]
[White "Deschesnes, Jean"]
[Black "Michaud, Jacques"]
[Result "1-0"]
[WhiteElo "1769"]
[BlackElo "1522"]
[PlyCount "57"]
[GameId "2160767911145659"]
[EventDate "2004.06.??"]
[EventType "swiss"]
[EventRounds "5"]
[EventCountry "CAN"]
[SourceTitle "EXT 2006"]
[Source "ChessBase"]
[SourceDate "2005.11.24"]
[SourceVersion "1"]
[SourceVersionDate "2005.11.24"]
[SourceQuality "1"]

1. d4 Nf6 2. Nf3 g6 3. c4 d5 4. Nc3 Bg7 5. Qb3 dxc4 6. Qxc4 O-O 7. e4 Na6 8. e5 Be6 9. exf6 Bxc4 10. fxg7 Kxg7 11. Bxc4 c5 12. Bxa6 cxd4 13. Nxd4 Qxd4 14. Bxb7 Qe5+ 15. Kf1 Rab8 16. Bf3 Rfc8 17. g3 Qf5 18. Kg2 Rd8 19. Re1 e6 20. Bf4 Rxb2 21. Re5 Qc2 22. Re2 Qd3 23. Rxb2 Qxc3 24. Re2 f6 25. Rc1 Qa3 26. Rc7+ Kg8 27. Rxe6 Qxa2 28. Ree7 a5 29. Bh6 1-0